Entry Nombre personal
001 - NÚMERO DE CONTROL
- campo de control: 131479
003 - IDENTIFICADOR DE NÚMERO DE CONTROL
- campo de control: SpMaBN
005 - FECHA Y HORA DE LA ÚLTIMA TRANSACCIÓN
- campo de control: 20250717071828.0
008 - ELEMENTOS DE DATO DE LONGITUD-FIJA
- campo de control de longitud fija: 960922nn ainnnaabn a aaa
016 ## - NÚMERO DE CONTROL DE UNA AGENCIA BIBLIOGRÁFICA NACIONAL
- Número de control del registro: BNE19998871666
024 8# - IDENTIFICADOR DE OTROS ESTÁNDARES
- Número estándar o código: https://data.cervantesvirtual.com/person/36348
024 7# - IDENTIFICADOR DE OTROS ESTÁNDARES
- Número estándar o código: http://viaf.org/viaf/72646706/
- Fuente: viaf
024 7# - IDENTIFICADOR DE OTROS ESTÁNDARES
- Número estándar o código: https://isni.org/isni/0000000021870057
- Fuente: isni
024 7# - IDENTIFICADOR DE OTROS ESTÁNDARES
- Número estándar o código: http://www.wikidata.org/entity/Q106518432
- Fuente: wikidata
040 ## - FUENTE DE CATALOGACIÓN
- Centro catalogador/agencia de origen: SpMaBN
- Lengua de catalogación: spa
- Centro/agencia transcriptor: SpMaBN
- Normas de descripción: rdc
- Convención/Normas de encabezamiento de materia/tesauro: embne
100 1# - ENCABEZAMIENTO-NOMBRE DE PERSONA
- Nombre de persona: Pérez Zaragoza Godínez, Agustín,
- Fechas asociadas al nombre: ca. 1780-
375 ## - GÉNERO/SEXO
- Género: Masculino
400 1# - TRAZADO DE VÉASE--NOMBRE DE PERSONA
- Nombre de persona: Pérez Zaragoza, Agustín
- Forma completa/desarrollada del nombre: (Pérez Zaragoza Godínez),
- Fechas asociadas al nombre: ca. 1780-
400 1# - TRAZADO DE VÉASE--NOMBRE DE PERSONA
- Nombre de persona: Pérez-Zaragoza Godínez, Agustín,
- Fechas asociadas al nombre: ca. 1780-
670 ## - FUENTE DE DATOS ENCONTRADOS
- Cita de la fuente: Galería fúnebre de historias trágicas, espectros y sombras ensangrentadas, 1831
- Información encontrada: port. (su autor Agustín Pérez Zaragoza Godínez)
670 ## - FUENTE DE DATOS ENCONTRADOS
- Cita de la fuente: Palau
- Información encontrada: (Agustín Pérez Zaragoza Godínez)
670 ## - FUENTE DE DATOS ENCONTRADOS
- Cita de la fuente: Galería fúnebre de espectros y sombras ensangrentadas, 2006
- Información encontrada: port. (Agustín Pérez Zaragoza)
